Statistiques concernant Frontière de l'Ouganda

Cliquez ici pour prendre le quiz!

Statistiques générales

  • Ce quiz a été pris 67 fois
  • Le résultat moyen est 5 sur 5

Statistiques - réponses

Longueur (en km)Pays% Correct
933Kenya
97%
765République démocratique
du Congo
92%
396Tanzanie
92%
169Rwanda
90%
435Soudan du Sud
87%

Distribution des résultats

Percentile par nombre de réponses

% des personnes avec chaque résultat

Votre développement - résultats

Vous n’avez pas pris ce quiz